| 000 | 00789am a2200289a 44500 | ||
|---|---|---|---|
| 003 | AR-BaBNM | ||
| 005 | 20251128205404.0 | ||
| 008 | 267019s1994 #AR|||||||||||000 | spa|| | ||
| 020 | _a950-786-074-6 | ||
| 040 | _cAR-BaBNM | ||
| 100 | 1 | _aSalerno, Malvina E. | |
| 245 | 1 | 0 |
_aEl corazón de los dioses _bensayos sobre Camus, Yourcenar, Butor, Duras, Buzzati |
| 260 |
_aBuenos Aires _bBiblos _c1994 |
||
| 300 | _a127 p. | ||
| 490 | 0 |
_aEstudios literarios _vv. 1 |
|
| 650 | 4 | _aCRITICA LITERARIA | |
| 650 | 4 | _aESCRITORES | |
| 650 | 4 | _aLITERATURA CONTEMPORANEA | |
| 650 | 4 | _aLITERATURA EUROPEA | |
| 650 | 4 | _aESTILO LITERARIO | |
| 650 | 4 | _aSEMIOLOGIA | |
| 650 | 4 | _aTEORIA LITERARIA | |
| 653 | _aESTUDIOS LITERARIOS | ||
| 655 | _aLITERATURA | ||
| 942 | _cBK | ||
| 998 | _cMARTIN | ||
| 999 |
_c11217 _d11217 |
||